Hacienda, comercio, fiscalidad y luchas sociales, Perú colonial / (Record no. 5341)

000 -CABECERA
fixed length control field 01119nam a22002297a 4500
003 - IDENTIFICADOR DEL NÚMERO DE CONTROL
control field AR-CdUCM
008 - DATOS DE LONGITUD FIJA--INFORMACIÓN GENERAL
fixed length control field 190312b ||||| |||| 00| 0 spa d
040 ## - FUENTE DE LA CATALOGACIÓN
Agencia/entidad que catalogó originalmente la obra MUNICIPALIDAD PROVINCIAL DEL CUSCO
Entidad que transcribió la catalogación BIBLIOTECA MUNICIPAL DEL CUSCO
082 ## - NÚMERO DE LA CLASIFICACIÓN DECIMAL DEWEY
No. de Clasificación 985.03 /
Notacion interna T67
100 ## - ENTRADA PRINCIPAL--NOMBRE DE PERSONA
Nombre Personal Tord Nicolini, Javier
245 ## - MENCIÓN DE TÍTULO
Título Hacienda, comercio, fiscalidad y luchas sociales, Perú colonial /
260 ## - PUBLICACIÓN, DISTRIBUCIÓN, ETC.
Lugar de publicación, distribución, etc. Lima :
Nombre de la editorial, distribuidor, etc. Oficina de publicaciones de la Pontificia Universidad Católica del Perú,
Fecha de publicación, distribución, etc. 1981.
300 ## - DESCRIPCIÓN FÍSICA
Nº de Páginas Extensión 320 paginas ,
Otros detalles físicos Tablas numericas,
Dimensiones 24 cm.
440 ## - MENCIÓN DE SERIE/PUNTO DE ACCESO ADICIONAL--TÍTULO
Título Colección Colonia: Estudios de historia económica y social
Número de la parte/sección de una obra 1
9 (RLIN) 16127
505 ## - NOTA DE CONTENIDO CON FORMATO
Nota de contenido formateada Las clases sociales -- Feudalidad, situación de clases y situación colonial -- Pachachaca, una hacienda feudal, auto abastecimiento y comercialización -- Circulación feudal en el Perú: tradicional y colonial -- El corregidor: agente de la circulación de clase y colonial...
650 ## - PUNTO DE ACCESO ADICIONAL DE MATERIA--TÉRMINO DE MATERIA
Descriptor Desarrollo económico
9 (RLIN) 1696
650 ## - PUNTO DE ACCESO ADICIONAL DE MATERIA--TÉRMINO DE MATERIA
Descriptor Época Colonial.
9 (RLIN) 645
650 ## - PUNTO DE ACCESO ADICIONAL DE MATERIA--TÉRMINO DE MATERIA
Descriptor Clase social
9 (RLIN) 1110
700 ## - PUNTO DE ACCESO ADICIONAL--NOMBRE DE PERSONA
Nombre Personal Lazo, Carlos
9 (RLIN) 16128
942 ## - ELEMENTOS DE PUNTO DE ACCESO ADICIONAL (KOHA)
Fuente de clasificación
Tipo de item Libros-BMC
945 ## - PROCESAMIENTO DE INFORMACIÓN LOCAL (OCLC)
Catalogador wnts
Holdings
Estado de retiro (separado) Fuente de clasificación o esquema de estanterías Estado dañado Ubicación Sala donde se ubica Nombre de la colección Fecha de adquisición o compra Costo, precio normal en soles Signatura topográfica Código de Barras Última vez visto (Koha) Tipo de ítem (Koha)
No     Sala Humanidades Sala Humanidades Book Cart 2019-03-12 40.00 985.03 / T67 SH0000005828 2019-03-12 Libros-BMC

Powered by Koha